BUBT Library Online Catalog

Marketing Research the impact of the INTERNET (Record no. 4811)

000 -LEADER
fixed length control field 00511nam a2200181Ia 4500
008 - FIXED-LENGTH DATA ELEMENTS--GENERAL INFORMATION
fixed length control field 151213s9999 xx 000 0 und d
020 ## - INTERNATIONAL STANDARD BOOK NUMBER
International Standard Book Number 0-324-067-97-6
082 ## - DEWEY DECIMAL CLASSIFICATION NUMBER
Classification number 658.84
Item number 658.84
100 ## - MAIN ENTRY--PERSONAL NAME
Personal name Car.Mc Daniel, Jr/Rqger Gates
245 ## - TITLE STATEMENT
Title Marketing Research the impact of the INTERNET
Statement of responsibility, etc. Car.Mc Daniel, Jr/Rqger Gates
250 ## - EDITION STATEMENT
Edition statement 5th
260 ## - PUBLICATION, DISTRIBUTION, ETC. (IMPRINT)
Place of publication, distribution, etc. USA
Name of publisher, distributor, etc. South-Western
Date of publication, distribution, etc. 2002
300 ## - PHYSICAL DESCRIPTION
Extent 9931 p.
650 ## - SUBJECT ADDED ENTRY--TOPICAL TERM
Topical term or geographic name as entry element Marketing
650 ## - SUBJECT ADDED ENTRY--TOPICAL TERM
Topical term or geographic name as entry element Marketing
700 ## - ADDED ENTRY--PERSONAL NAME
Personal name Car.Mc Daniel, Jr/Rqger Gates

No items available.

More Information About Library

Library Hours

  • Open: 9.00 am. to 9.00 pm.
  • Only Sunday: 9.00 am. to 6.00 pm.
  • Closed: Holiday

Contact to the University

Bangladesh University of Business and Technology Library

  • Mirpurl-2, 1216.
  • Phone:
  • Fax:
  • E-Mail: admin.library@bubt.edu.bd

Contact to the Library

Contact Person:

Md. Abdul Hakim Shah
Joint Librarian
PABX No:  113
Cell No: 01816332931
E-mail: official: admin.library@bubt.edu.bd
Personal: hakim.shah@bubt.edu.bd


BUBT Library

Copyright © 2021